『ララチューン』再生数トップ20 - Statistics

General Stats
  • This quiz has been taken 8 times
  • The average score is 6 of 20
Answer Stats
順位 動画タイトル 再生数 % Correct
17位 ニシダを{エジプト}でバラシ【ロケバラシドッキリ】 259万回
88%
8位 {史上最悪の飲みゲー}『{挿入ゲーム}』 364万回
63%
1位 {ラブホの使い方}in渋谷 718万回
63%
9位 {MBTI}悪口 353万回
63%
11位 {ち◯こ萎えさせ}王 343万回
50%
16位 またニシダから{私物}盗んで返す 263万回
38%
4位 サーヤの{恋愛取説} 412万回
25%
5位 {お母さんヒス構文}解説 407万回
25%
7位 {ニシダ更生プログラム} 384万回
25%
10位 悪口{ウミガメのスープ} 347万回
25%
13位 もしも{酒がコーラ}だったら 294万回
25%
2位 {ニシダが家に帰ったらマネージャーと彼女が寝てるドッキリを}「{7日間}」{やってみた} 694万回
13%
6位 {褒める感じで悪口言ったら}バレない?【ラランド】 385万回
13%
12位 {褒めるテンションで悪口言う} 336万回
13%
14位 悪口{ミリオネア} 285万回
13%
19位 {フラッシュ}悪口 247万回
13%
15位 {ニシダが起こした事件}10選 266万回
13%
3位 {いい感じになった女性とホテルに入ったら部屋にサーヤがいるドッキリ}
430万回
13%
20位 {偏見でお題を伝える}ゲーム 243万回
0%
18位 【コント】{Hまでの段取り的確に仕切る女} 257万回
0%
No matching quizzes found
Score Distribution
Percent of People with Each Score
Percentile by Number Answered
Your Score History
You have not taken this quiz